| 000 | 00491nam a2200157Ia 4500 | ||
|---|---|---|---|
| 008 | 220216s9999 xx 000 0 und d | ||
| 100 | _aMary Alexander | ||
| 245 | 0 | _aStudies on the use of cardanol as plasticizer for silica-filled nitrile rubber | |
| 260 |
_bProgress in Rubber, Plastics and Recycling Technology _c2009 |
||
| 300 | _a75-89 | ||
| 650 | _aPlasticizer | ||
| 650 | _aSilica filled nitrile rubber | ||
| 700 | _aBeena T Abraham | ||
| 700 | _aEby Thomas Thachil | ||
| 942 | _cJS | ||
| 999 |
_c69742 _d69742 |
||